Priznanie a nedokonalá ochrana údajov.
Negatívne stanovisko k prijatému zákonu SNR z 30. spt. 1992 o správe daní a poplatkov a o zmenách v sústave územných finančných orgánov č. 511/1992 Zb., hlavne k paragrafu 40 o podaní majetkového priznania (neexistuje zákon o ochrane osobných údajov), ktoré umožňuje zneužiť získané údaje, ako aj k s...
Na minha lista:
| Autor principal: | |
|---|---|
| Outros Autores: | |
| Formato: | Capítulo de Livro |
| Idioma: | eslovaco |
| Assuntos: | |
| Tags: |
Sem tags, seja o primeiro a adicionar uma tag!
|
MARC
| LEADER | 00000naa a2200000 4500 | ||
|---|---|---|---|
| 001 | r013004 | ||
| 005 | 20221213123510.9 | ||
| 041 | 0 | |a slo | |
| 044 | |a SK | ||
| 245 | 1 | 0 | |a Priznanie a nedokonalá ochrana údajov. |c E. Csekesová, O. Világi |
| 520 | |a Negatívne stanovisko k prijatému zákonu SNR z 30. spt. 1992 o správe daní a poplatkov a o zmenách v sústave územných finančných orgánov č. 511/1992 Zb., hlavne k paragrafu 40 o podaní majetkového priznania (neexistuje zákon o ochrane osobných údajov), ktoré umožňuje zneužiť získané údaje, ako aj k spôsobu kontroly občanov. - Plný text zákona 511/1992 Zb. a Vyhlášky MF SR č. 102/1993 Z.z. o majetku, ktorý sa neuvádza v majetkovom priznaní. | ||
| 610 | 2 | 0 | |a priznania majetkové |
| 610 | 2 | 0 | |a dane z príjmov |
| 610 | 2 | 0 | |a kontrola |
| 610 | 2 | 0 | |a zákony |
| 610 | 2 | 0 | |a Slovensko |
| 610 | 2 | 0 | |a 1992 |
| 610 | 2 | 0 | |a 1993 |
| 610 | 2 | 0 | |a ochrana dát |
| 610 | 2 | 0 | |a ochrana osobnosti |
| 610 | 2 | 0 | |a ochrana údajov osobných |
| 100 | 1 | |a Csekesová, E. | |
| 700 | 1 | |a Világi, O. | |